000 00592nam a2200181 i 4500
001 81327
003 ES-MaACL
005 20230906174421.0
007 t|
008 041104s1945 sp ||||1| spa d
100 1 _aHoyos Sáinz, Luis de,
_d1868-1951
_964437
245 1 0 _aSeroantropología de los grupos sanguíneos en España /
_cLuis de Hoyos Sáinz.
260 _aMadrid :
_b[s.n.,
_c1945]
300 _a6 h. :
_bil. ;
_c24 cm.
500 _aEs separata de: Investigación y progreso. Año XV, pág. 104-115.
852 _aES-MaACL
_j1864-F-14
_bR.23803
999 _c81327
_d81327